Animals of Andorra: Largest Mammals - Statistics

General Stats
  • This quiz has been taken 6 times
  • The average score is 5 of 15
Answer Stats
Order Weight (kg) Answer % Correct
Carnivora 340 Brown bear
100%
Artiodactyla 648 European bison
75%
Artiodactyla 172.5 Red deer
75%
Carnivora 40 Wolf
75%
Rodentia 20.5 Eurasian beaver
25%
Carnivora 237.5 Eurasian brown bear
25%
Carnivora 22 Eurasian lynx
25%
Artiodactyla 78 European fallow deer
25%
Carnivora 9.5 Golden jackal
25%
Carnivora 8.1 Red fox
25%
Artiodactyla 25 Roe deer
25%
Artiodactyla 78.75 Wild boar
25%
Carnivora 9.5 Eurasian otter
0%
Carnivora 48 Eurasian wolf
0%
Carnivora 13 European badger
0%
No matching quizzes found
Score Distribution
Percent of People with Each Score
Percentile by Number Answered
Your Score History
You have not taken this quiz